[Event "Mistrovstvi Cech 2019 - FIDE"]
[Site "?"]
[Date "2019.10.30"]
[Round "5.3"]
[White "Jun, Rudolf"]
[Black "Hlavacek, Tomas"]
[Result "1-0"]
[BlackElo "2157"]
[WhiteElo "2105"]
[LiveChessVersion "1.4.8"]

1. e4 {[%clk 1:30:57]} e5 {[%clk 1:30:54]} 2. Nf3 {[%clk 1:31:19]} Nc6
{[%clk 1:31:10]} 3. Nc3 {[%clk 1:31:40]} g6 {[%clk 1:31:17]} 4. d4
{[%clk 1:27:01]} exd4 {[%clk 1:31:40]} 5. Nd5 {[%clk 1:27:15]} Bg7
{[%clk 1:31:06]} 6. Bg5 {[%clk 1:24:55]} Nce7 {[%clk 1:31:27]} 7. Nxd4
{[%clk 1:23:01]} c6 {[%clk 1:31:38]} 8. Nxe7 {[%clk 1:18:48]} Nxe7
{[%clk 1:32:02]} 9. Qd2 {[%clk 1:18:26]} h6 {[%clk 1:31:48]} 10. Be3
{[%clk 1:17:02]} d5 {[%clk 1:31:37]} 11. exd5 {[%clk 1:10:00]} Nxd5
{[%clk 1:27:28]} 12. O-O-O {[%clk 1:10:04]} Nxe3 {[%clk 1:25:52]} 13. Qxe3+
{[%clk 1:10:24]} Qe7 {[%clk 1:25:32]} 14. Qxe7+ {[%clk 1:10:37]} Kxe7 15. Bc4
{[%clk 1:10:42]} Re8 {[%clk 1:23:04]} 16. Rhe1+ {[%clk 1:10:14]} Kf8
{[%clk 1:23:24]} 17. Rxe8+ {[%clk 1:10:39]} Kxe8 {[%clk 1:23:51]} 18. a4
{[%clk 1:10:57]} a5 {[%clk 1:15:47]} 19. f3 {[%clk 1:10:52]} Bf6 {[%clk 1:11:46]}
20. Ne2 {[%clk 1:05:26]} Be7 {[%clk 1:06:57]} 21. Nc3 {[%clk 1:00:32]} f5
{[%clk 1:02:55]} 22. Ne2 {[%clk 1:00:42]} Bd7 {[%clk 0:56:41]} 23. Nd4
{[%clk 1:00:45]} Bg5+ {[%clk 0:56:08]} 24. Kb1 {[%clk 1:01:00]} Ke7
{[%clk 0:55:50]} 25. g3 {[%clk 0:59:42]} Bf6 {[%clk 0:52:41]} 26. Re1+
{[%clk 0:59:38]} Kd6 {[%clk 0:52:40]} 27. Ne6 {[%clk 0:55:43]} b5
{[%clk 0:46:36]} 28. Rd1+ {[%clk 0:54:59]} Ke7 {[%clk 0:46:42]} 29. axb5 cxb5
{[%clk 0:45:48]} 30. Nc7 {[%clk 0:50:06]} Rc8 {[%clk 0:27:14]} 31. Nd5+
{[%clk 0:50:08]} Kf7 {[%clk 0:26:56]} 32. Nb6+ {[%clk 0:48:59]} bxc4
{[%clk 0:26:21]} 33. Rxd7+ {[%clk 0:49:21]} Ke6 {[%clk 0:26:28]} 34. Nxc8
{[%clk 0:49:35]} Kxd7 {[%clk 0:26:46]} 35. Nb6+ {[%clk 0:50:01]} Kc6
{[%clk 0:26:03]} 36. Nxc4 {[%clk 0:50:26]} Kb5 {[%clk 0:25:43]} 37. Ne3
{[%clk 0:50:09]} Bd4 {[%clk 0:24:03]} 38. Nd5 {[%clk 0:49:46]} Bc5
{[%clk 0:21:13]} 39. b3 {[%clk 0:47:31]} g5 {[%clk 0:20:43]} 40. g4
{[%clk 0:44:56]} Kc6 {[%clk 0:20:08]} 41. Nf6 {[%clk 0:44:48]} Bd4
{[%clk 0:18:12]} 42. Ng8 {[%clk 0:44:38]} fxg4 {[%clk 0:18:26]} 43. fxg4
{[%clk 0:43:06]} Bg7 {[%clk 0:18:23]} 44. Ne7+ {[%clk 0:43:32]} Kd7
{[%clk 0:18:41]} 45. Nf5 {[%clk 0:43:55]} Bf8 {[%clk 0:19:07]} 46. Kc1
{[%clk 0:43:25]} Ke6 {[%clk 0:19:07]} 47. Kd2 {[%clk 0:43:29]} h5
{[%clk 0:17:52]} 48. h3 {[%clk 0:43:43]} Ke5 {[%clk 0:15:51]} 49. Ke3
{[%clk 0:44:04]} Bc5+ {[%clk 0:16:15]} 50. Kf3 {[%clk 0:44:29]} h4
{[%clk 0:16:15]} 51. c3 {[%clk 0:43:49]} Ba3 {[%clk 0:15:53]} 52. Ne3
{[%clk 0:44:04]} Bc1 {[%clk 0:14:35]} 53. Nc4+ {[%clk 0:42:40]} Kd5
{[%clk 0:14:58]} 54. Nxa5 {[%clk 0:42:35]} Bd2 {[%clk 0:15:25]} 55. c4+
{[%clk 0:41:46]} Kd6 {[%clk 0:14:18]} 56. Nb7+ {[%clk 0:42:07]} Kc6
{[%clk 0:14:12]} 57. Nd8+ {[%clk 0:42:29]} Bb4 {[%clk 0:12:26]} 58. Ne6
{[%clk 0:42:39]} Be7 {[%clk 0:12:44]} 59. Ke4 {[%clk 0:43:01]} Kd6
{[%clk 0:12:41]} 60. Kf5 {[%clk 0:43:08]} Kc6 {[%clk 0:13:08]} 61. Nxg5
{[%clk 0:41:20]} Kc5 {[%clk 0:13:32]} 62. Ne6+ {[%clk 0:41:30]} Kb4
{[%clk 0:13:50]} 63. g5 {[%clk 0:41:51]} Kxb3 {[%clk 0:14:14]} 64. g6
{[%clk 0:42:14]} Kxc4 {[%clk 0:14:35]} 65. g7 {[%clk 0:42:39]} 1-0

[Event "Mistrovstvi Cech 2019 - FIDE"]
[Site "?"]
[Date "2019.10.30"]
[Round "5.4"]
[White "Hlavac, Rudolf"]
[Black "Nagy, Ladislav"]
[Result "0-1"]
[BlackElo "2140"]
[WhiteElo "1957"]
[LiveChessVersion "1.4.8"]

1. e4 {[%clk 1:29:23]} c5 {[%clk 1:30:48]} 2. Nf3 {[%clk 1:29:43]} Nc6
{[%clk 1:31:02]} 3. c3 {[%clk 1:29:47]} Nf6 {[%clk 1:30:37]} 4. e5
{[%clk 1:29:42]} Nd5 {[%clk 1:30:11]} 5. d4 {[%clk 1:28:36]} cxd4
{[%clk 1:29:49]} 6. cxd4 {[%clk 1:28:52]} d6 {[%clk 1:29:14]} 7. Bc4
{[%clk 1:29:05]} Nb6 {[%clk 1:28:38]} 8. Bb5 {[%clk 1:26:27]} d5 {[%clk 1:21:23]}
9. Nc3 {[%clk 1:18:58]} Bg4 {[%clk 1:17:38]} 10. h3 {[%clk 1:18:34]} Bxf3
{[%clk 1:10:14]} 11. Qxf3 {[%clk 1:18:46]} e6 {[%clk 1:05:51]} 12. O-O
{[%clk 1:18:40]} Rc8 {[%clk 0:56:53]} 13. Be3 {[%clk 1:16:30]} a6
{[%clk 0:48:43]} 14. Bd3 {[%clk 1:14:05]} g6 {[%clk 0:44:32]} 15. Rac1
{[%clk 1:13:23]} Be7 {[%clk 0:42:42]} 16. Qe2 {[%clk 1:08:31]} O-O
{[%clk 0:38:40]} 17. f4 {[%clk 1:08:46]} f5 {[%clk 0:25:45]} 18. exf6 Bxf6
{[%clk 0:25:45]} 19. Qf2 {[%clk 1:05:23]} Nc4 {[%clk 0:23:41]} 20. Bxc4
{[%clk 0:58:29]} dxc4 {[%clk 0:24:08]} 21. Ne4 {[%clk 0:53:28]} Nb4
{[%clk 0:22:54]} 22. Nxf6+ {[%clk 0:50:16]} Rxf6 {[%clk 0:21:15]} 23. Qe2
{[%clk 0:47:59]} Qd5 {[%clk 0:19:51]} 24. a3 {[%clk 0:30:41]} Nd3
{[%clk 0:19:22]} 25. Rc3 {[%clk 0:29:56]} Qe4 {[%clk 0:18:11]} 26. Qd2
{[%clk 0:29:36]} b5 {[%clk 0:16:34]} 27. b3 {[%clk 0:28:25]} Rf7 {[%clk 0:15:50]}
28. bxc4 {[%clk 0:28:23]} bxc4 {[%clk 0:15:39]} 29. Rb1 {[%clk 0:25:17]} Nxf4
{[%clk 0:12:03]} 30. Bxf4 {[%clk 0:19:52]} Qxb1+ {[%clk 0:11:37]} 31. Kh2
{[%clk 0:20:07]} Rcf8 {[%clk 0:06:33]} 32. Bh6 {[%clk 0:15:34]} Qb8+
{[%clk 0:04:12]} 33. Rg3 {[%clk 0:14:32]} Qc7 {[%clk 0:02:35]} 34. Bxf8
{[%clk 0:13:42]} Rxf8 {[%clk 0:02:47]} 35. Qe3 {[%clk 0:13:11]} Qc6
{[%clk 0:02:49]} 36. h4 {[%clk 0:12:23]} Rb8 {[%clk 0:02:36]} 37. Qf4
{[%clk 0:10:52]} Rf8 {[%clk 0:01:59]} 38. Qe3 {[%clk 0:11:05]} Rf5
{[%clk 0:02:06]} 39. Qe1 {[%clk 0:07:30]} Rf4 {[%clk 0:01:56]} 40. Re3
{[%clk 0:06:54]} Rxd4 {[%clk 0:01:09]} 41. Rxe6 {[%clk 0:05:11]} Qc7+
{[%clk 0:01:06]} 42. Kh1 {[%clk 0:04:16]} Rd8 {[%clk 0:00:57]} 43. Rxa6
{[%clk 0:01:30]} c3 {[%clk 0:00:44]} 44. Qe6+ {[%clk 0:01:48]} Qf7
{[%clk 0:00:54]} 45. Qxf7+ Kxf7 46. Rc6 {[%clk 0:02:10]} Rd3 {[%clk 0:01:29]} 47.
Kg1 {[%clk 0:00:59]} Ke7 {[%clk 0:01:53]} 48. Kf2 {[%clk 0:01:22]} Kd7
{[%clk 0:02:15]} 49. Rc4 {[%clk 0:01:43]} Kd6 {[%clk 0:02:07]} 50. g4
{[%clk 0:00:58]} Kd5 {[%clk 0:01:54]} 51. Rc8 {[%clk 0:01:25]} Kd4
{[%clk 0:01:41]} 52. Ke2 {[%clk 0:00:50]} Rd2+ {[%clk 0:02:03]} 53. Ke1
{[%clk 0:01:07]} Rg2 {[%clk 0:01:18]} 54. Kd1 {[%clk 0:00:37]} Rxg4
{[%clk 0:01:21]} 55. Kc2 {[%clk 0:00:37]} Rg2+ {[%clk 0:01:32]} 56. Kc1
{[%clk 0:01:04]} Kd3 {[%clk 0:01:26]} 57. Rd8+ {[%clk 0:01:18]} Kc4
{[%clk 0:01:46]} 58. Rb8 {[%clk 0:01:23]} Ra2 {[%clk 0:01:12]} 59. Rb7
{[%clk 0:01:42]} h5 {[%clk 0:00:42]} 60. Rb6 {[%clk 0:01:40]} Rh2
{[%clk 0:00:39]} 61. Rxg6 {[%clk 0:00:36]} Rxh4 {[%clk 0:01:00]} 62. Rb6
{[%clk 0:00:38]} Rh2 {[%clk 0:01:11]} 63. a4 {[%clk 0:00:51]} h4 {[%clk 0:01:07]}
64. a5 {[%clk 0:01:05]} h3 {[%clk 0:01:00]} 65. a6 {[%clk 0:01:21]} Ra2
{[%clk 0:00:57]} 66. Rc6+ {[%clk 0:01:10]} Kb4 {[%clk 0:00:52]} 67. Rb6+
{[%clk 0:00:34]} Kc5 {[%clk 0:00:43]} 68. Rh6 {[%clk 0:00:44]} h2
{[%clk 0:00:45]} 69. a7 {[%clk 0:01:07]} Rxa7 {[%clk 0:01:00]} 70. Kc2
{[%clk 0:01:20]} Kd4 {[%clk 0:00:57]} 71. Rh4+ {[%clk 0:01:38]} Ke3
{[%clk 0:00:51]} 72. Kxc3 {[%clk 0:01:45]} Ra2 {[%clk 0:00:51]} 73. Rh3+
{[%clk 0:01:13]} Ke4 {[%clk 0:00:50]} 74. Rh8 {[%clk 0:01:19]} Kf3
{[%clk 0:00:48]} 75. Kd3 {[%clk 0:01:36]} Kg2 {[%clk 0:00:44]} 76. Rg8+
{[%clk 0:01:56]} Kf1 {[%clk 0:00:49]} 77. Rh8 {[%clk 0:01:52]} Kg1
{[%clk 0:01:00]} 78. Rg8+ {[%clk 0:00:48]} Rg2 {[%clk 0:01:15]} 79. Kd4 0-1

[Event "Mistrovstvi Cech 2019 - FIDE"]
[Site "?"]
[Date "2019.10.30"]
[Round "5.5"]
[White "Holasek, Pavel"]
[Black "Holasek, Vojtech"]
[Result "1-0"]
[BlackElo "1905"]
[WhiteElo "2120"]
[LiveChessVersion "1.4.8"]

1. e4 {[%clk 1:30:51]} e5 {[%clk 1:30:58]} 2. Nf3 {[%clk 1:31:15]} Nc6
{[%clk 1:31:18]} 3. Bb5 {[%clk 1:31:37]} a6 {[%clk 1:31:46]} 4. Bxc6
{[%clk 1:31:59]} dxc6 {[%clk 1:32:06]} 5. O-O {[%clk 1:32:19]} Bd6
{[%clk 1:32:31]} 6. d4 {[%clk 1:32:19]} Bg4 {[%clk 1:32:34]} 7. dxe5
{[%clk 1:31:46]} Bxf3 {[%clk 1:32:53]} 8. Qxf3 {[%clk 1:32:07]} Bxe5
{[%clk 1:33:19]} 9. Nc3 {[%clk 1:30:36]} Qf6 {[%clk 1:33:12]} 10. Qxf6
{[%clk 1:29:08]} Nxf6 {[%clk 1:33:39]} 11. Bg5 {[%clk 1:28:05]} O-O-O
{[%clk 1:33:13]} 12. Rae1 {[%clk 1:25:39]} Rhe8 {[%clk 1:32:45]} 13. f3
{[%clk 1:20:14]} h6 {[%clk 1:23:29]} 14. Be3 {[%clk 1:17:23]} Nd7
{[%clk 1:23:19]} 15. Nd1 {[%clk 1:16:41]} Nb6 {[%clk 1:23:31]} 16. b3
{[%clk 1:14:09]} g6 {[%clk 1:19:32]} 17. Nf2 {[%clk 1:12:02]} Bg7
{[%clk 1:18:48]} 18. c4 {[%clk 1:10:09]} f5 {[%clk 1:18:43]} 19. Rd1
{[%clk 1:06:38]} fxe4 {[%clk 1:18:19]} 20. Nxe4 {[%clk 1:05:59]} Rxd1
{[%clk 1:16:41]} 21. Rxd1 {[%clk 1:06:14]} Rd8 {[%clk 1:17:06]} 22. Rxd8+
{[%clk 1:06:01]} Kxd8 {[%clk 1:17:34]} 23. Nc5 {[%clk 1:06:03]} Ke7
{[%clk 1:16:04]} 24. Nxb7 {[%clk 1:05:52]} Nd7 {[%clk 1:15:32]} 25. Nc5
{[%clk 1:05:46]} Nxc5 {[%clk 1:15:49]} 26. Bxc5+ {[%clk 1:06:10]} Ke6
{[%clk 1:15:54]} 27. Kf2 {[%clk 1:06:21]} Be5 {[%clk 1:15:37]} 28. g3
{[%clk 1:06:28]} Bd6 {[%clk 1:15:33]} 29. Bxd6 {[%clk 1:05:35]} cxd6
{[%clk 1:13:11]} 30. Ke3 {[%clk 1:05:44]} Ke5 {[%clk 1:12:30]} 31. f4+
{[%clk 1:05:09]} Kf5 {[%clk 1:12:51]} 32. b4 {[%clk 1:04:00]} Kg4
{[%clk 1:12:34]} 33. a4 {[%clk 1:04:16]} 1-0

[Event "Mistrovstvi Cech 2019 - FIDE"]
[Site "?"]
[Date "2019.10.30"]
[Round "5.6"]
[White "Stanek, Ondrej"]
[Black "Mach, Petr"]
[Result "1-0"]
[BlackElo "2050"]
[WhiteElo "2063"]
[LiveChessVersion "1.4.8"]

1. e4 d5 2. exd5 Nf6 3. d4 Nxd5 4. Nf3 g6 5. c4 Nb6 6. Nc3 Bg7 7. Be3 O-O 8. h3
Nc6 9. Be2 e5 10. d5 Ne7 11. O-O Nf5 12. Bc5 Re8 13. Qc2 Nd6 14. b3 Nd7 15. Be3
Nf6 16. Rad1 Nf5 17. Bg5 h6 18. Bxf6 Qxf6 19. Ne4 Qe7 20. c5 Nd4 21. Nxd4 exd4
22. Bd3 Bf5 23. Rfe1 Qh4 24. Nd2 Bxd3 25. Qxd3 Rxe1+ 26. Rxe1 Rd8 27. Qf3 Qg5 28.
Nc4 Qxd5 29. Re8+ Bf8 30. Rxd8 Qxd8 31. Ne5 Qe7 32. Qd5 c6 33. Qxd4 Qxc5 34. Qf4
Qd5 35. Nc4 Qd1+ 36. Kh2 b5 37. Ne5 Qd5 38. Ng4 Bd6 39. Nf6+ Bf8 40. Ng4 1-0

[Event "Mistrovstvi Cech 2019 - FIDE"]
[Site "?"]
[Date "2019.10.30"]
[Round "5.7"]
[White "Kotva, Milan"]
[Black "Polansky, Adam Lubos"]
[Result "0-1"]
[BlackElo "2039"]
[WhiteElo "1906"]
[LiveChessVersion "1.4.8"]

1. e4 {[%clk 1:29:52]} c6 {[%clk 1:30:55]} 2. d4 {[%clk 1:30:14]} d5
{[%clk 1:31:23]} 3. exd5 {[%clk 1:30:34]} cxd5 {[%clk 1:31:50]} 4. Bd3
{[%clk 1:30:53]} Nc6 {[%clk 1:32:16]} 5. c3 {[%clk 1:31:13]} Qc7 {[%clk 1:32:42]}
6. f4 {[%clk 1:31:01]} Nf6 {[%clk 1:32:33]} 7. Nf3 {[%clk 1:31:15]} Bg4
{[%clk 1:29:17]} 8. O-O {[%clk 1:30:27]} g6 {[%clk 1:29:38]} 9. h3
{[%clk 1:27:21]} Bf5 {[%clk 1:29:47]} 10. Be2 {[%clk 1:23:03]} h5
{[%clk 1:27:55]} 11. Na3 {[%clk 1:22:30]} a6 {[%clk 1:28:14]} 12. Nc2
{[%clk 1:22:57]} Bh6 {[%clk 1:28:08]} 13. Ne5 {[%clk 1:22:55]} Bxc2
{[%clk 1:27:43]} 14. Qxc2 {[%clk 1:22:21]} Nxd4 {[%clk 1:28:11]} 15. Qa4+
{[%clk 1:20:39]} Nc6 {[%clk 1:28:21]} 16. g4 {[%clk 0:59:28]} hxg4
{[%clk 1:26:05]} 17. hxg4 {[%clk 0:59:55]} Qb6+ {[%clk 1:25:40]} 18. Kg2
{[%clk 0:58:50]} Ne4 {[%clk 1:26:00]} 19. Bf3 {[%clk 0:48:48]} Nc5
{[%clk 1:23:55]} 20. Qc2 {[%clk 0:48:43]} Nxe5 {[%clk 1:23:15]} 21. fxe5
{[%clk 0:49:09]} Rd8 {[%clk 1:21:00]} 22. g5 {[%clk 0:42:01]} Bg7
{[%clk 1:21:26]} 23. Qe2 {[%clk 0:35:09]} Qe6 {[%clk 1:20:47]} 24. Bf4
{[%clk 0:30:50]} Rh4 {[%clk 1:16:33]} 25. Bg3 {[%clk 0:29:23]} Qh3+
{[%clk 1:16:37]} 26. Kf2 {[%clk 0:29:44]} Ne4+ {[%clk 1:17:06]} 27. Bxe4
{[%clk 0:29:19]} Rxe4 {[%clk 1:17:35]} 28. Qf3 {[%clk 0:24:51]} Bxe5
{[%clk 1:17:34]} 29. Rg1 {[%clk 0:22:30]} Bxg3+ {[%clk 1:15:41]} 30. Rxg3
{[%clk 0:22:56]} Qh2+ {[%clk 1:16:03]} 31. Kf1 {[%clk 0:23:05]} Rd6
{[%clk 1:09:19]} 32. Rh3 {[%clk 0:21:11]} Qf4 {[%clk 1:08:55]} 33. Rh8+
{[%clk 0:20:50]} Kd7 {[%clk 1:09:21]} 34. Qxf4 {[%clk 0:20:31]} Rxf4+
{[%clk 1:09:48]} 0-1

[Event "Mistrovstvi Cech 2019 - FIDE"]
[Site "?"]
[Date "2019.10.30"]
[Round "5.8"]
[White "Pise, Jiri"]
[Black "Kopriva, Martin"]
[Result "0-1"]
[BlackElo "2039"]
[WhiteElo "1775"]
[LiveChessVersion "1.4.8"]

1. e4 {[%clk 1:30:57]} g6 {[%clk 1:30:52]} 2. d4 {[%clk 1:30:51]} Bg7
{[%clk 1:31:12]} 3. Bc4 {[%clk 1:29:36]} d6 {[%clk 1:30:46]} 4. Nc3
{[%clk 1:28:43]} Nc6 {[%clk 1:28:52]} 5. Be3 {[%clk 1:27:56]} a6 {[%clk 1:26:03]}
6. Nge2 {[%clk 1:24:41]} Nf6 {[%clk 1:23:16]} 7. f3 {[%clk 1:23:37]} b5
{[%clk 1:20:06]} 8. Bb3 {[%clk 1:19:30]} O-O {[%clk 1:18:44]} 9. Qd2
{[%clk 1:19:24]} e5 {[%clk 1:16:12]} 10. d5 {[%clk 1:17:32]} Ne7 {[%clk 1:10:10]}
11. O-O-O {[%clk 1:16:34]} b4 {[%clk 1:05:14]} 12. Nb1 {[%clk 1:12:33]} a5
{[%clk 1:03:19]} 13. Bc4 {[%clk 1:08:41]} Nd7 {[%clk 0:58:37]} 14. Bh6
{[%clk 1:06:08]} Nb6 {[%clk 0:56:33]} 15. Bd3 {[%clk 1:06:16]} c5
{[%clk 0:49:19]} 16. dxc6 {[%clk 1:02:31]} Be6 {[%clk 0:46:50]} 17. h4
{[%clk 0:59:09]} Qc7 {[%clk 0:44:43]} 18. h5 {[%clk 0:56:49]} Nxc6
{[%clk 0:43:22]} 19. Bxg7 {[%clk 0:55:18]} Kxg7 {[%clk 0:43:26]} 20. hxg6
{[%clk 0:53:42]} fxg6 {[%clk 0:42:22]} 21. Qh6+ {[%clk 0:48:01]} Kg8
{[%clk 0:41:25]} 22. Rh2 {[%clk 0:46:42]} Rf7 {[%clk 0:37:23]} 23. Rdh1
{[%clk 0:41:29]} Bc4 {[%clk 0:29:36]} 24. Qe3 {[%clk 0:24:04]} Bxd3
{[%clk 0:21:00]} 25. Qxd3 {[%clk 0:24:21]} a4 {[%clk 0:20:19]} 26. a3
{[%clk 0:21:36]} Rc8 {[%clk 0:18:24]} 27. c3 {[%clk 0:16:15]} bxa3
{[%clk 0:17:52]} 28. Nxa3 {[%clk 0:16:10]} Na5 {[%clk 0:14:35]} 29. g4
{[%clk 0:10:38]} Nbc4 {[%clk 0:10:43]} 30. Nxc4 {[%clk 0:04:23]} Nxc4
{[%clk 0:10:25]} 31. Qd5 {[%clk 0:03:25]} Qb6 {[%clk 0:06:33]} 32. Ng3
{[%clk 0:02:58]} a3 {[%clk 0:05:57]} 33. bxa3 {[%clk 0:01:43]} Qe3+
{[%clk 0:04:22]} 34. Kc2 {[%clk 0:01:10]} Nxa3+ {[%clk 0:03:59]} 35. Kb2
{[%clk 0:01:20]} Qxc3+ {[%clk 0:03:53]} 36. Ka2 {[%clk 0:01:33]} Nc2
{[%clk 0:03:03]} 37. Rxc2 {[%clk 0:00:38]} Qxc2+ {[%clk 0:03:15]} 38. Ka3
{[%clk 0:00:48]} Rc3+ {[%clk 0:02:22]} 39. Kb4 {[%clk 0:01:04]} Qb2+
{[%clk 0:02:43]} 0-1

[Event "Narodni Open 2019"]
[Site "?"]
[Date "2019.10.30"]
[Round "5.3"]
[White "Seterle, Matej"]
[Black "Bulva, Frantisek"]
[Result "1-0"]
[WhiteElo "1674"]
[BlackElo "1575"]
[PlyCount "29"]
[SourceVersionDate "2019.10.30"]

1. e4 d5 2. exd5 Qxd5 3. Nc3 Qa5 4. d4 Nf6 5. Nf3 Bg4 6. h3 Bh5 7. g4 Bg6 8.
Ne5 Nbd7 9. Nc4 Qa6 10. Bf4 Qc6 11. d5 Nxd5 12. Qxd5 Bxc2 13. Qxc6 bxc6 14. Bg2
Bd3 15. Bxc6 1-0

[Event "Narodni Open 2019"]
[Site "?"]
[Date "2019.10.30"]
[Round "5.4"]
[White "Rezac, Josef"]
[Black "Kubik, Miroslav"]
[Result "1/2-1/2"]
[WhiteElo "1520"]
[BlackElo "1636"]
[PlyCount "27"]
[SourceVersionDate "2019.10.30"]

1. c4 c5 2. g3 g6 3. Bg2 Bg7 4. e3 Nf6 5. Ne2 O-O 6. O-O e6 7. d4 cxd4 8. exd4
d5 9. cxd5 exd5 10. Nbc3 Be6 11. Be3 Nbd7 12. Qd2 Nb6 13. b3 Ng4 14. Bf3
1/2-1/2

[Event "Narodni Open 2019"]
[Site "?"]
[Date "2019.10.30"]
[Round "5.5"]
[White "Kurek, Pavel"]
[Black "Kleker, Jiri"]
[Result "1-0"]
[WhiteElo "1789"]
[BlackElo "1466"]
[PlyCount "41"]
[SourceVersionDate "2019.10.30"]

1. e4 c5 2. Nf3 d6 3. d4 cxd4 4. Nxd4 Nf6 5. Nc3 a6 6. Be3 e6 7. Be2 Be7 8. O-O
O-O 9. f4 Nbd7 10. Qe1 Nc5 11. e5 dxe5 12. fxe5 Ne8 13. Rd1 Qc7 14. Qg3 b5 15.
a3 Bb7 16. Bf3 Rd8 17. Bxb7 Qxb7 18. Rf4 g6 19. Rdf1 Ng7 20. Qf2 Nf5 21. Nxf5
1-0

[Event "Narodni Open 2019"]
[Site "?"]
[Date "2019.10.30"]
[Round "5.2"]
[White "Jodas, Daniel"]
[Black "Blazek, Tomas"]
[Result "0-1"]
[WhiteElo "1716"]
[BlackElo "1592"]
[PlyCount "28"]
[SourceVersionDate "2019.10.30"]

1. e4 e6 2. d4 d5 3. e5 c5 4. c3 Nc6 5. Nf3 Qb6 6. Bd3 Bd7 7. Bc2 Nge7 8. O-O
Ng6 9. Be3 Qxb2 10. Ng5 Be7 11. Nd2 Qxc3 12. Nb3 cxd4 13. Bd2 Qc4 14. Qf3 Ncxe5
0-1

[Event "Narodni Open 2019"]
[Site "?"]
[Date "2019.10.30"]
[Round "5.1"]
[White "Buk, Pavel"]
[Black "Holasek, Vit"]
[Result "0-1"]
[WhiteElo "1630"]
[BlackElo "1779"]
[PlyCount "70"]
[SourceVersionDate "2019.10.30"]

1. f4 b6 2. Nf3 Bb7 3. e3 Nf6 4. Be2 e6 5. O-O d5 6. Ne5 Bd6 7. b3 Nbd7 8. Bb2
c5 9. Bf3 Rc8 10. c4 O-O 11. d3 Qc7 12. Nxd7 Qxd7 13. g3 Rfe8 14. g4 Kh8 15. g5
Ng8 16. Nc3 Ne7 17. Nb5 Bb8 18. Be5 a6 19. Nc3 Nf5 20. Qe1 f6 21. gxf6 Bxe5 22.
fxe5 gxf6 23. e4 Rg8+ 24. Kh1 Nd4 25. Qf2 Nxf3 26. Qxf3 dxe4 27. dxe4 f5 28.
Rad1 Qg7 29. Rd6 Qxe5 30. Rxb6 Rc7 31. Rxb7 Rxb7 32. exf5 Qxf5 33. Qxf5 exf5
34. Rxf5 Re7 35. h4 Re3 0-1

[Event "Mistrovstvi Cech 2019 - HD12"]
[Site "Prichovice u Korenova"]
[Date "2019.10.30"]
[Round "5"]
[White "Day, Tobias"]
[Black "Soucek, Jan"]
[Result "1-0"]
[WhiteElo "1807"]
[BlackElo "1705"]
[EventDate "2019.10.26"]

1. d4 Nf6 2. Bf4 e6 3. e3 b6 4. Nf3 Bb7 5. Bd3 c5 6. c3 Be7 7. Nbd2 O-O 8. O-O
Nc6 9. Qe2 Rc8 10. Rae1 cxd4 11. exd4 Nh5 12. Bg3 f5 13. Ne5 Nf6 14. Nxc6 Rxc6
15. Bxf5 exf5 16. Qxe7 Ba6 17. Qxd8 Rxd8 18. c4 d5 19. Re7 dxc4 20. Rc1 Rxd4 21.
Nf3 Rd7 22. Ree1 Rc8 23. Re5 g6 24. h3 Ne4 25. Bf4 Rcd8 26. Rc2 Nc5 27. Bg5 Rd1+
28. Kh2 R8d7 29. Re8+ Kf7 30. Ra8 Kg7 31. Bf4 Ne4 32. Ne5 Rb7 33. Nc6 Rdd7 34.
Nd8 Nc5 35. Nxb7 Rxb7 36. Rd8 Nd3 37. Bd2 b5 38. Bc3+ Kh6 39. Rd6 Rb6 40. Rd7 Rb7
41. Rd6 Rb6 42. Rxb6 axb6 43. Bd4 Bb7 44. f3 Bd5 45. Bxb6 Kg5 46. Kg1 Kf4 47. Re2
h5 48. Bc7+ Kg5 49. Bd8+ Kf4 50. Bc7+ Kg5 51. Rd2 Kf6 52. Kf1 Bf7 53. Ke2 Ke7 54.
Kd1 Kd7 55. Ba5 Kc6 56. Kc2 Kc5 57. Bd8 Ne1+ 58. Kb1 Nd3 59. a3 Be6 60. Kc2 Bf7
61. Kc3 Be6 62. g3 Bd5 63. f4 Be4 64. Bf6 Bd5 65. b3 Be4 66. bxc4 bxc4 67. a4 Bd5
68. Bd4+ Kc6 69. Re2 Kd7 70. a5 1-0

[Event "Mistrovstvi Cech 2019 - HD12"]
[Site "Prichovice u Korenova"]
[Date "2019.10.30"]
[Round "5"]
[White "Svoboda, Daniel"]
[Black "Zelba, Lukas"]
[Result "0-1"]
[WhiteElo "1462"]
[BlackElo "1610"]
[EventDate "2019.10.26"]

1. e4  d5  2. exd5  Nf6
3. Bb5+  Bd7  4. Be2
Nxd5  5. d4  c6
6. Nf3  Bg4  7. O-O  e6
8. a3  a5  9. Ne5
Bxe2  10. Qxe2  Be7
11. c4  Nb6  12. Be3
O-O  13. Nd2  N6d7
14. f4  Bf6  15. Rf3
c5  16. Nb3  cxd4
17. Bxd4  Bxe5  18. Bxe5
a4  19. Nd2  Nxe5
20. fxe5  Nc6  21. Rg3
Qd4+  22. Kh1  Qxe5
23. Ne4  Nd4  24. Qd3
Rad8  25. Qb1  Nb3
26. Rh3  h6  27. Ra2
Qxe4  0-1

[Event "Mistrovstvi Cech 2019 - HD12"]
[Site "Prichovice u Korenova"]
[Date "2019.10.30"]
[Round "5"]
[White "Sedmihradsky, Tomas"]
[Black "Tesar, Jakub"]
[Result "1-0"]
[WhiteElo "1028"]
[BlackElo "1626"]
[EventDate "2019.10.26"]

1. d4  d5  2. c3  Nf6
3. Bg5  Bf5  4. Bxf6
gxf6  5. e3  Rg8
6. g3  e5  7. Bd3
e4  8. Be2  Bd6
9. Qb3  Be6  10. Qxb7  Nd7
11. Qb3  Rb8  12. Qc2
f5  13. Nh3  Nf6
14. Nf4  Ng4  15. h3
Nf6  16. b3  Bd7
17. Nd2  c5  18. Rg1
cxd4  19. cxd4  Rc8
20. Qb2  Qb6  21. Kf1
Bb4  22. Rc1  Ke7
23. Nb1  Qa5  24. a3
Bd6  25. b4  Qb6
26. Nc3  Bc6  27. b5
Bb7  28. Na4  Rxc1+
29. Qxc1  Qa5  30. Nc5
Rc8  31. Qb2  Ba8
32. Kg2  Nd7  33. Qb4
Qc7  34. Qb3  Bxf4
35. exf4  Nxc5  36. Qb4
Kd6  37. Rc1  Qb6
38. Bh5  f6  39. a4
a5  40. Qa3  Qa7
41. f3  Rc7  42. Kf2
Rc8  43. g4  fxg4
44. fxg4  Rc7  45. f5
Bb7  46. Be8  Ba8
47. g5  Rc8  48. Bh5
fxg5  49. Bg4  Ke7
50. dxc5  Rf8  51. Ke2
Kd8  52. c6  Qe7
53. c7+  1-0

[Event "Mistrovstvi Cech 2019 - HD12"]
[Site "Prichovice u Korenova"]
[Date "2019.10.30"]
[Round "5"]
[White "Veverka, Vladimir"]
[Black "Vysinsky, Otakar"]
[Result "1-0"]
[WhiteElo "1513"]
[BlackElo "1422"]
[EventDate "2019.10.26"]

1. d4  d6  2. e4  Nf6
3. Nc3  g6  4. Be3
Bg7  5. Qd2  O-O
6. O-O-O  a6  7. h4
b5  8. f3  b4
9. Nce2  a5  10. h5  Na6
11. Bh6  Bh8  12. Bxf8
Qxf8  13. hxg6  fxg6
14. Qg5  a4  15. Qh4
Qf7  16. e5  Ne8
17. exd6  cxd6  18. Nf4
Nf6  19. b3  axb3
20. axb3  Nc7  21. Bc4
Be6  22. Nxe6  Nxe6
23. Bxe6  Qxe6  24. Qe1
Qxe1  25. Rxe1  Nd5
26. Ne2  Nc3  27. Kd2
e5  28. Nxc3  bxc3+
29. Kxc3  exd4+  30. Kd3
Be5  31. Re4  Rf8
32. Rhe1  Rf5  33. b4
h5  34. b5  Bg3
35. Re8+  Kh7  36. R1e7+  Kh6
37. b6  d5  38. b7
Bd6  39. b8=Q  Bxb8
40. Rxb8  Kg5  41. Kxd4
Kf4  42. Rg7  Rg5
43. Rbg8  Rxg2  44. Kd3
Kxf3  45. Rxg6  Rxg6
46. Rxg6  h4  47. Kd4
h3  48. Kxd5  h2
49. Rh6  Kg2  50. c4
h1=Q  51. Rxh1  Kxh1
52. c5 1-0

[Event "Mistrovstvi Cech 2019 - HD12"]
[Site "Prichovice u Korenova"]
[Date "2019.10.30"]
[Round "5"]
[White "Vana, Jan"]
[Black "Barta, David"]
[Result "1/2-1/2"]
[WhiteElo "1268"]
[BlackElo "1478"]
[EventDate "2019.10.26"]

1. d4  d5  2. c4  e6
3. Nc3  f5  4. Bf4
c6  5. e3  Bd6
6. Nge2  Nf6  7. cxd5  exd5
8. Bxd6  Qxd6  9. Nf4
O-O  10. h4  Nbd7
11. Rg1  Ng4  12. Be2
Ndf6  13. Qc2  Re8
14. g3  Ne4  15. Bxg4
fxg4  16. a3  Bf5
17. Nxe4  Bxe4  18. Qc5
Qxc5  19. dxc5  Bf3
20. Kd2  Re4  21. b3
Rae8  22. Kc3  a5
23. a4  Rd8  24. Ng2
Bxg2  25. Rxg2  d4+
26. exd4  Rexd4  27. Rh2
Rd3+  28. Kb2  Rd2+
29. Kc3  R8d3+  30. Kc4
Rf3  31. Re1  Rc2+
32. Kd4  Rxb3  33. Ke5
Rxc5+  34. Kd6  Rf5
35. Re8+  Rf8  36. Re7
h6  37. Rh1  Rxf2
38. Rd1  Rbf3  39. Kc5
Rf5+  40. Kb6  Rf7
41. Re4  R2f6  42. Rxg4
Kh7  43. Rgd4  Kg6
44. Kxa5  1/2-1/2